[Event "International chess holiday M31"]
[Site "Praha"]
[Date "2014.08.07"]
[Round "7"]
[White "Jursicin, Imrich"]
[Black "Hansch, Thorsten"]
[Result "0-1"]
[WhiteElo "2037"]
[BlackElo "2117"]
[Annotator "Koller,Martin"]
[PlyCount "54"]
[TimeControl "240+2"]

1. e4 c5 2. Nf3 d6 3. d4 cxd4 4. Nxd4 Nf6 5. Nc3 a6 6. Be2 e5 7. Nb3
Be7 8. O-O O-O 9. f4 Qc7 10. f5 b5 11. Bf3 Bb7 12. Qe2 Nbd7 13. g4 b4 14. Nd1
d5 15. Nf2 Rac8 16. exd5 Nxd5 17. Be4 Nc5 18. Nxc5 Bxc5 19. Qf3 Rfd8 20. f6 Rd6
21. fxg7 Qb6 22. Qf5 Nf6 23. Bxb7 Qxb7 24. Bg5 Ne4 25. Bh4 Nd2 26. Qh5 Nf3+ 27.
Kg2 Ne1+ 0-1

[Event "International chess holiday M31"]
[Site "Praha"]
[Date "2014.08.07"]
[Round "7"]
[White "Vavrinec, Tomas"]
[Black "Simecek, Bohumil"]
[Result "0-1"]
[WhiteElo "2044"]
[BlackElo "2058"]
[Annotator "Koller,Martin"]
[PlyCount "47"]
[TimeControl "240+2"]

1. c4 e5 2. Nc3 Nc6 3. Nf3 d6 4. g3 g6 5. Bg2 Bg7 6. O-O Nge7 7. d3 O-O
8. Rb1 Be6 9. b4 Qd7 10. b5 Nd8 11. Ng5 Bf5 12. e4 Bg4 13. f3 Be6 14. Be3 f5
15. Bh3 Bh6 16. f4 Bxg5 17. fxg5 f4 18. Bxe6+ Nxe6 19. gxf4 exf4 20. Bf2 Nxg5
21. Kh1 Qh3 22. Bg1 Rf7 23. Rb3 Raf8 24. Qd2 0-1

[Event "International chess holiday K31"]
[Site "Praha"]
[Date "2014.08.07"]
[Round "7"]
[White "Fitzke, Ulrich"]
[Black "Hapke, Ralf"]
[Result "1-0"]
[WhiteElo "1926"]
[BlackElo "1944"]
[Annotator "Koller,Martin"]
[PlyCount "66"]
[TimeControl "240+2"]

1. d4 Nf6 2. c4 c5 3. Nf3 cxd4 4. Nxd4 b6 5. e3 Bb7 6. Nc3 e6 7. Nf3 a6
8. Be2 Qc7 9. h3 h6 10. Bd2 Be7 11. Qc2 d6 12. Rc1 Nbd7 13. O-O Rc8 14. Nd4 O-O
15. Bf3 Bxf3 16. Nxf3 Qxc4 17. Rfd1 Qc7 18. Qb1 Qb8 19. Ne4 Rxc1 20. Rxc1 Nxe4
21. Qxe4 Rc8 22. Rxc8+ Qxc8 23. Bc3 Nf6 24. Qb1 Qc4 25. Nd4 Nd5 26. Be1 Bf6 27.
Nf3 Ne7 28. b3 Qc6 29. Qd3 b5 30. Bb4 Nd5 31. Bd2 Bc3 32. e4 Bxd2 33. Qxd2 Qc3
1-0

[Event "International chess holiday K31"]
[Site "Praha"]
[Date "2014.08.07"]
[Round "7"]
[White "Kovar, Jan"]
[Black "Cetens, Edward"]
[Result "1-0"]
[WhiteElo "1945"]
[BlackElo "1832"]
[Annotator "Koller,Martin"]
[PlyCount "37"]
[TimeControl "240+2"]

1. e4 c5 2. Nf3 e6 3. b3 Nc6 4. Bb2 d5 5. exd5 exd5 6. Bb5 Nf6 7. O-O
Be7 8. Ne5 Qd6 9. d4 cxd4 10. Qxd4 O-O 11. Bxc6 bxc6 12. Nd2 Bb7 13. Ndf3 Rad8
14. Qxa7 Qc7 15. Qe3 Rfe8 16. Rfe1 c5 17. h3 Bd6 18. Qd3 c4 19. bxc4 1-0

[Event "International chess holiday K31"]
[Site "Praha"]
[Date "2014.08.07"]
[Round "7"]
[White "Nelson, Wayne"]
[Black "Kostelecky, Daniel"]
[Result "1-0"]
[WhiteElo "2067"]
[BlackElo "1639"]
[Annotator "Koller,Martin"]
[PlyCount "97"]
[TimeControl "240+2"]

1. d4 Nf6 2. Bg5 d5 3. Bxf6 gxf6 4. e3 e5 5. Nd2 Bg7 6. c4 c6 7. Ne2
Be6 8. cxd5 cxd5 9. Nb3 b6 10. Rc1 O-O 11. g3 e4 12. Nf4 Qd7 13. h4 Bg4 14. Be2
f5 15. O-O Bh6 16. Nh5 Qe6 17. Bxg4 fxg4 18. Qxg4+ Qxg4 19. Nf6+ Kh8 20. Nxg4
Bg7 21. Rc2 Na6 22. a3 f5 23. Nh2 Rac8 24. Rfc1 Rxc2 25. Rxc2 h5 26. Nf1 Kh7
27. Nfd2 Rf7 28. Nb1 Rd7 29. Kf1 Kg6 30. Ke1 Kf7 31. Kd2 Nc7 32. Rc6 Ne8 33.
Nc1 Rc7 34. Rxc7+ Nxc7 35. Ne2 Bh6 36. Nbc3 Ke6 37. Kc2 a6 38. b4 Kd6 39. a4
Ne8 40. Nc1 Kc6 41. Nb3 Bf8 42. b5+ axb5 43. axb5+ Kc7 44. Nxd5+ Kb7 45. Nd2
Nd6 46. Kb3 Nxb5 47. Nc4 Kc6 48. Ndxb6 Nc7 49. Na4 1-0

[Event "International chess holiday K31"]
[Site "Praha"]
[Date "2014.08.07"]
[Round "7"]
[White "Pokorny, Jan"]
[Black "Skvaril, Michal"]
[Result "1/2-1/2"]
[WhiteElo "1866"]
[BlackElo "1730"]
[Annotator "Koller,Martin"]
[PlyCount "27"]
[TimeControl "240+2"]

1. Nf3 d5 2. b3 e6 3. Bb2 Nf6 4. e3 Be7 5. c4 O-O 6. Be2 b6 7. d4 Bb7
8. O-O c5 9. dxc5 Bxc5 10. Ba3 Bxa3 11. Nxa3 Qe7 12. Nb1 dxc4 13. Bxc4 Rd8 14.
Qe2 1/2-1/2

[Event "International chess holiday K31"]
[Site "Praha"]
[Date "2014.08.07"]
[Round "7"]
[White "Thomasson, Staffan"]
[Black "Hadzala, Daniel"]
[Result "0-1"]
[WhiteElo "1879"]
[BlackElo "2070"]
[Annotator "Koller,Martin"]
[PlyCount "88"]
[TimeControl "240+2"]

1. d4 Nf6 2. Nf3 d6 3. g3 Nbd7 4. Bg2 c6 5. O-O e5 6. c4 Qc7 7. Nc3 Be7
8. e4 O-O 9. h3 exd4 10. Nxd4 Re8 11. b3 Bf8 12. Qc2 a5 13. Bf4 Nc5 14. Rad1
Bd7 15. Rd2 Rad8 16. Rfd1 g6 17. a3 Bc8 18. b4 axb4 19. axb4 Ncd7 20. Ndb5 cxb5
21. Nxb5 Qb8 22. Nxd6 Ne5 23. Nxe8 Rxe8 24. Qa4 Qc7 25. c5 h6 26. Bxe5 Rxe5 27.
f4 Re7 28. e5 Nd7 29. Kh2 Nb8 30. Rd6 Be6 31. Qa8 Re8 32. Rb6 Bc8 33. Bxb7 g5
34. Bxc8 Qxc8 35. Qb7 Qf5 36. Qg2 Nd7 37. Rb7 Nb8 38. Ra1 gxf4 39. gxf4+ Bg7
40. Rg1 Qxf4+ 41. Kh1 Qxe5 42. c6 Kh8 43. c7 Nd7 44. Rb5 Qc3 0-1

[Event "International chess holiday M31"]
[Site "Praha"]
[Date "2014.08.07"]
[Round "8"]
[White "Hanl, Frantisek"]
[Black "Hansch, Thorsten"]
[Result "0-1"]
[WhiteElo "1972"]
[BlackElo "2117"]
[Annotator "Koller,Martin"]
[PlyCount "70"]
[TimeControl "240+2"]

1. e4 c5 2. Nf3 d6 3. d4 cxd4 4. Nxd4 Nf6 5. Nc3 a6 6. Bg5 e6 7. f4 Be7
8. Qf3 Qc7 9. O-O-O Nbd7 10. Qg3 h6 11. Bxf6 Bxf6 12. Kb1 O-O 13. Be2 b5 14.
Bf3 Bb7 15. f5 Nc5 16. a3 Qb6 17. fxe6 fxe6 18. Bg4 b4 19. axb4 Qxb4 20. Nb3
Be5 21. Qh3 Nxe4 22. Bxe6+ Kh8 23. Nxe4 Bxe4 24. Bd5 Bf5 25. g4 Bxg4 26. Qh4
Bf6 27. Qg3 Bxd1 28. Bxa8 Bxc2+ 29. Kxc2 Rxa8 30. Rd1 Be5 31. Qf3 Rc8+ 32. Kb1
a5 33. Rc1 Rb8 34. Rc7 a4 35. Rf7 Qe1+ 0-1

[Event "International chess holiday M31"]
[Site "Praha"]
[Date "2014.08.07"]
[Round "8"]
[White "Hansch, Karsten"]
[Black "Hansch, Stephan"]
[Result "1/2-1/2"]
[WhiteElo "2181"]
[BlackElo "2044"]
[Annotator "Koller,Martin"]
[PlyCount "26"]
[TimeControl "240+2"]

1. d4 d5 2. Nf3 Nf6 3. e3 Bf5 4. c4 c6 5. Nc3 e6 6. cxd5 exd5 7. Bd3
Bxd3 8. Qxd3 Bb4 9. Bd2 O-O 10. O-O Nbd7 11. a3 Bd6 12. b4 a6 13. Ne2 Ne4
1/2-1/2

[Event "International chess holiday M31"]
[Site "Praha"]
[Date "2014.08.07"]
[Round "8"]
[White "Michalek, Frantisek"]
[Black "Jurcisin, Imrich"]
[Result "1/2-1/2"]
[WhiteElo "2081"]
[BlackElo "2037"]
[Annotator "Koller,Martin"]
[PlyCount "64"]
[TimeControl "240+2"]

1. e4 d5 2. exd5 Nf6 3. d4 Nxd5 4. Nf3 Bg4 5. Be2 e6 6. h3 Bh5 7. c4
Nf6 8. Be3 Be7 9. Nc3 O-O 10. Ne5 Bxe2 11. Qxe2 Nbd7 12. O-O c6 13. Rfd1 Qc7
14. Bf4 Nxe5 15. Bxe5 Qd7 16. b3 Rad8 17. Rd3 Qc8 18. Rad1 Nd7 19. Bf4 Nf6 20.
Bg5 Nd5 21. cxd5 Bxg5 22. dxe6 Qxe6 23. Qxe6 fxe6 24. Ne4 Be7 25. Kf1 Rd5 26.
Ke2 h6 27. f3 Kf7 28. Ke3 Rfd8 29. Nc3 R5d7 30. Ne4 Rd5 31. Nc3 R5d7 32. Ne4
Rd5 1/2-1/2

[Event "International chess holiday M31"]
[Site "Praha"]
[Date "2014.08.07"]
[Round "8"]
[White "Vavrinec, Tomas"]
[Black "Gregor, Jiri"]
[Result "1-0"]
[WhiteElo "2044"]
[BlackElo "2262"]
[Annotator "Koller,Martin"]
[PlyCount "109"]
[TimeControl "240+2"]

1. d4 c5 2. c3 d5 3. Nf3 Nd7 4. Bf4 Ngf6 5. Nbd2 g6 6. e3 Bg7 7. Bd3
O-O 8. h3 b6 9. O-O Bb7 10. Qe2 Re8 11. e4 dxe4 12. Nxe4 cxd4 13. cxd4 Nxe4 14.
Bxe4 Bxe4 15. Qxe4 Nf6 16. Qb7 Qc8 17. Qxc8 Raxc8 18. Rac1 Nd5 19. Bd2 e6 20.
Rfd1 Bf8 21. Kf1 f6 22. Ke2 Rcd8 23. Rc6 Kf7 24. Rdc1 Bd6 25. g3 g5 26. b3 h5
27. h4 g4 28. Ne1 Ne7 29. R6c4 b5 30. R4c2 Nf5 31. Be3 Bb8 32. Rd2 Rd5 33. Rc5
Bd6 34. Rxd5 exd5 35. Ng2 Bc7 36. Kd3 Ng7 37. Rc2 Ne6 38. Bc1 Bb6 39. Bb2 Rd8
40. Ne3 Kg6 41. Rc6 Ng7 42. Ba3 Rd7 43. Bd6 Ne6 44. Bc5 Nxc5+ 45. dxc5 Bc7 46.
Ra6 Bd8 47. Kd4 Bc7 48. Nxd5 Be5+ 49. Ke4 Bb2 50. Rd6 Rf7 51. c6 Rf8 52. c7
Re8+ 53. Kd3 Be5 54. Rd8 Bxc7 55. Rxe8 1-0

[Event "International chess holiday K31"]
[Site "Praha"]
[Date "2014.08.07"]
[Round "8"]
[White "Cetens, Edward"]
[Black "Pokorny, Jan"]
[Result "1/2-1/2"]
[WhiteElo "1832"]
[BlackElo "1866"]
[Annotator "Koller,Martin"]
[PlyCount "44"]
[TimeControl "240+2"]

1. c4 Nf6 2. g3 c6 3. Nc3 e6 4. Bg2 d5 5. cxd5 cxd5 6. d4 Be7 7. Nf3
O-O 8. O-O b6 9. Bg5 h6 10. Bxf6 Bxf6 11. Rc1 a6 12. e3 b5 13. b4 Nd7 14. Nb1
Nb6 15. Nbd2 Bd7 16. Nb3 Nc4 17. Nfd2 Ra7 18. Nc5 Bc6 19. Nxc4 bxc4 20. Rxc4
Bb5 21. Rc3 Bxf1 22. Bxf1 Qd6 1/2-1/2

[Event "International chess holiday K31"]
[Site "Praha"]
[Date "2014.08.07"]
[Round "8"]
[White "Fitzke, Ulrich"]
[Black "Kovar, Jan"]
[Result "1-0"]
[WhiteElo "1926"]
[BlackElo "1945"]
[Annotator "Koller,Martin"]
[PlyCount "49"]
[TimeControl "240+2"]

1. d4 d5 2. c4 e6 3. Nc3 c6 4. Nf3 Nf6 5. e3 Nbd7 6. Be2 dxc4 7. Bxc4
b5 8. Bd3 b4 9. Ne4 Be7 10. O-O c5 11. Bd2 Bb7 12. Nxf6+ Nxf6 13. Qa4+ Nd7 14.
Ne5 Bd6 15. Nxd7 Bxh2+ 16. Kxh2 Qh4+ 17. Kg1 Bxg2 18. Ne5+ Kf8 19. Kxg2 Qg5+
20. Kf3 Qh5+ 21. Ng4 f5 22. Rg1 fxg4+ 23. Rxg4 Ke7 24. Rag1 Rhd8 25. Ke2 1-0

[Event "International chess holiday K31"]
[Site "Praha"]
[Date "2014.08.07"]
[Round "8"]
[White "Hadzala, Daniel"]
[Black "Nelson, Wayne"]
[Result "1/2-1/2"]
[WhiteElo "2070"]
[BlackElo "2067"]
[Annotator "Koller,Martin"]
[PlyCount "22"]
[TimeControl "240+2"]

1. Nf3 d5 2. g3 Nf6 3. Bg2 c6 4. O-O Nbd7 5. d4 e6 6. b3 Bd6 7. Bb2 O-O
8. c4 b6 9. Qc2 Bb7 10. Nbd2 Qe7 11. Ne5 Ba3 1/2-1/2

[Event "International chess holiday K31"]
[Site "Praha"]
[Date "2014.08.07"]
[Round "8"]
[White "Skvaril, Michal"]
[Black "Thomasson, Staffan"]
[Result "1/2-1/2"]
[WhiteElo "1730"]
[BlackElo "1879"]
[Annotator "Koller,Martin"]
[PlyCount "87"]
[TimeControl "240+2"]

1. e4 g6 2. d4 d5 3. exd5 Qxd5 4. Nc3 Qd6 5. Be3 Bg7 6. Qd2 c6 7. Be2
Nf6 8. Nf3 O-O 9. Bh6 Nbd7 10. Bxg7 Kxg7 11. O-O Nb6 12. Rad1 Bg4 13. h3 Bxf3
14. Bxf3 Rad8 15. Qc1 Nbd5 16. Bxd5 cxd5 17. Ne2 Qa6 18. Rfe1 e6 19. a3 Rd6 20.
c3 Rc8 21. Ng3 b5 22. h4 h5 23. Qg5 Qb7 24. Nxh5+ Nxh5 25. Qe5+ Kg8 26. Qxd6 a5
27. Rc1 Ng7 28. g4 Ne8 29. Qf4 Qe7 30. h5 gxh5 31. gxh5 Nf6 32. Kh1 Kf8 33. Re3
Ke8 34. Rh3 Ne4 35. Rg1 Kd7 36. h6 e5 37. dxe5 Qe6 38. Rh2 Rh8 39. f3 Nc5 40.
h7 Nd3 41. Rg8 Nxf4 42. Rxh8 Qg6 43. Rd8+ Kc7 44. Rc8+ 1/2-1/2

[Event "International chess holiday M31"]
[Site "Praha"]
[Date "2014.08.08"]
[Round "9"]
[White "Gregor, Jiri"]
[Black "Simecek, Bohumil"]
[Result "1/2-1/2"]
[WhiteElo "2262"]
[BlackElo "2058"]
[Annotator "Koller,Martin"]
[PlyCount "69"]
[TimeControl "240+2"]

1. d4 d5 2. c4 c6 3. Nf3 Nf6 4. Nbd2 e6 5. Qc2 Nbd7 6. a3 Be7 7. g3 O-O
8. Bg2 b6 9. O-O Bb7 10. e4 Qc8 11. e5 Ne8 12. b4 c5 13. cxd5 Bxd5 14. dxc5
bxc5 15. b5 Qb8 16. Ne4 Nxe5 17. Nxe5 Qxe5 18. Bb2 Qf5 19. Rad1 Qg6 20. Rfe1 c4
21. f4 Nd6 22. a4 Nxe4 23. Bxe4 Bxe4 24. Qxe4 Rac8 25. Bc3 Bf6 26. Qxg6 hxg6
27. Bxf6 gxf6 28. Rd7 Rfd8 29. Rxa7 c3 30. b6 c2 31. Rc7 Rxc7 32. bxc7 Rc8 33.
Rc1 Rxc7 34. Kf2 Ra7 35. Rxc2 1/2-1/2

[Event "International chess holiday M31"]
[Site "Praha"]
[Date "2014.08.08"]
[Round "9"]
[White "Hansch, Stephan"]
[Black "Vavrinec, Tomas"]
[Result "1-0"]
[WhiteElo "2044"]
[BlackElo "2044"]
[Annotator "Koller,Martin"]
[PlyCount "108"]
[TimeControl "240+2"]

1. d4 Nf6 2. c4 c5 3. d5 e6 4. Nc3 exd5 5. cxd5 d6 6. e4 g6 7. Nf3 Bg4
8. Bg5 Bg7 9. Bb5+ Bd7 10. e5 dxe5 11. Nxe5 Bxb5 12. Nxb5 Qa5+ 13. Nc3 Ne4 14.
Nxf7 Bxc3+ 15. bxc3 Qxc3+ 16. Bd2 Nxd2 17. Nxh8 Nb3+ 18. Ke2 Nd4+ 19. Kf1 Nd7
20. Rc1 Qb2 21. g3 O-O-O 22. Nf7 Rf8 23. Nd6+ Kb8 24. f4 Qxa2 25. Rxc5 Qa6+ 26.
Rc4 Nf5 27. Qe2 Nxd6 28. Rc2 Qa5 29. Qe6 Qa6+ 30. Kf2 Nf6 31. Re1 Qb6+ 32. Kf1
h5 33. Qe7 Qd8 34. Rc7 Qxe7 35. Rcxe7 Nfe4 36. Kg2 a5 37. Ra1 b6 38. Rb1 b5 39.
Rxe4 Nxe4 40. Rxb5+ Kc7 41. Rxa5 Kd6 42. Ra6+ Kxd5 43. Rxg6 Rh8 44. Kf3 Nd6 45.
Rg5+ Ke6 46. Ra5 Nf7 47. Ke3 Nd6 48. Re5+ Kf6 49. Kd4 Nf5+ 50. Ke4 Nd6+ 51. Kf3
Nf5 52. Ra5 Rb8 53. Ra6+ Kf7 54. Ke4 Ng7 1-0

[Event "International chess holiday M31"]
[Site "Praha"]
[Date "2014.08.08"]
[Round "9"]
[White "Jurcisin, Imrich"]
[Black "Hansch, Karsten"]
[Result "1/2-1/2"]
[WhiteElo "2037"]
[BlackElo "2181"]
[Annotator "Koller,Martin"]
[PlyCount "68"]
[TimeControl "240+2"]

1. e4 c5 2. Nf3 d6 3. d4 cxd4 4. Nxd4 Nf6 5. Nc3 a6 6. Be2 e5 7. Nb3
Be7 8. O-O O-O 9. f4 Qc7 10. g4 exf4 11. g5 Ne8 12. Bxf4 Qd8 13. Qd2 Nc7 14.
Nd4 Ne6 15. Nxe6 fxe6 16. Rad1 Nc6 17. Bxd6 Rxf1+ 18. Bxf1 Bxd6 19. Qxd6 Qxg5+
20. Qg3 Qxg3+ 21. hxg3 Kf7 22. Kf2 Ke7 23. Na4 Rb8 24. Nb6 Ne5 25. Rd4 Bd7 26.
Nxd7 Nxd7 27. Rb4 Ne5 28. Ke3 Nc6 29. Rb3 Kd6 30. Bh3 b5 31. Rd3+ Ke7 32. Rc3
Kd6 33. Rd3+ Ke7 34. Rc3 Kd6 1/2-1/2

[Event "International chess holiday M31"]
[Site "Praha"]
[Date "2014.08.07"]
[Round "8"]
[White "Simecek, Bohumil"]
[Black "Hanl, Frantisek"]
[Result "1-0"]
[WhiteElo "2058"]
[BlackElo "1972"]
[Annotator "Koller,Martin"]
[PlyCount "68"]
[TimeControl "240+2"]

1. d4 c5 2. d5 Nf6 3. c4 b5 4. cxb5 a6 5. b6 g6 6. Nc3 d6 7. Nf3 Bg7 8.
Nd2 Nbd7 9. e4 O-O 10. a4 a5 11. Be2 Ba6 12. O-O Qxb6 13. Nb5 Rfb8 14. Nc4 Qd8
15. Qc2 Ne8 16. Nca3 Nc7 17. Bd2 Bc8 18. Bc3 Na6 19. Bxg7 Kxg7 20. f4 Nb4 21.
Qc3+ f6 22. Rae1 Nb6 23. b3 Bd7 24. Bc4 Qc8 25. Qd2 Bxb5 26. Nxb5 Qd7 27. Nc3
Nxc4 28. bxc4 Re8 29. e5 neèitelné 1-0

[Event "International chess holiday K31"]
[Site "Praha"]
[Date "2014.08.11"]
[Round "9"]
[White "Kovar, Jan"]
[Black "Hapke, Ralf"]
[Result "1/2-1/2"]
[WhiteElo "1945"]
[BlackElo "1944"]
[Annotator "Koller,Martin"]
[PlyCount "32"]
[TimeControl "240+2"]

1. e4 d5 2. exd5 Nf6 3. d4 Bg4 4. f3 Bf5 5. Bb5+ Nbd7 6. c4 e6 7. Nc3
exd5 8. cxd5 Bb4 9. Qe2+ Qe7 10. Qxe7+ Bxe7 11. Nge2 O-O-O 12. Ng3 Bg6 13. Nge4
Nb6 14. d6 Bxd6 15. Nxf6 gxf6 16. O-O c6 1/2-1/2

[Event "International chess holiday K31"]
[Site "Praha"]
[Date "2014.08.08"]
[Round "9"]
[White "Thomasson, Staffan"]
[Black "Cetens, Edward"]
[Result "1/2-1/2"]
[WhiteElo "1879"]
[BlackElo "1832"]
[Annotator "Koller,Martin"]
[PlyCount "22"]
[TimeControl "240+2"]

1. d4 d5 2. Nf3 Bg4 3. Ne5 Bh5 4. c4 e6 5. Qa4+ Nd7 6. Nc3 c6 7. Bf4
Nb6 8. Qb3 f6 9. Nf3 dxc4 10. Qd1 Nd5 11. Bg3 Bb4 1/2-1/2

[Event "International chess holiday K31"]
[Site "Praha"]
[Date "2014.08.08"]
[Round "9"]
[White "Nelson, Wayne"]
[Black "Skvaril, Michal"]
[Result "1-0"]
[WhiteElo "2067"]
[BlackElo "1730"]
[Annotator "Koller,Martin"]
[PlyCount "91"]
[TimeControl "240+2"]

1. d4 d5 2. Nf3 e6 3. Bf4 Nf6 4. e3 Bd6 5. Bg5 Be7 6. Bd3 h6 7. Bh4 O-O
8. Nbd2 b6 9. Ne5 Bb7 10. O-O c5 11. c3 Nbd7 12. f4 cxd4 13. exd4 Ne4 14. Bxe7
Qxe7 15. Ndf3 Rfd8 16. Nxd7 Qxd7 17. Ne5 Qe8 18. Qe2 f5 19. Kh1 Rac8 20. g4 g6
21. gxf5 gxf5 22. Rg1+ Kh7 23. Rg2 Qe7 24. Rag1 Rg8 25. Rxg8 Rxg8 26. Rxg8 Kxg8
27. Qg2+ Qg7 28. Bb5 Qxg2+ 29. Kxg2 Kf8 30. Be2 Nf6 31. Kh3 Kg7 32. Kh4 Bc8 33.
Kg3 Bd7 34. Kf2 Be8 35. Ke3 Bh5 36. Bxh5 Nxh5 37. Nc6 a5 38. Nd8 Kf6 39. Nc6
Ng7 40. Ne5 Ke7 41. a4 Ne8 42. b4 axb4 43. cxb4 Nf6 44. a5 bxa5 45. bxa5 Ng4+
46. Nxg4 1-0